000 00984nam a2200313 i 4500
001 bg
003 BPK
005 20210112075309.0
008 090610s1998 pl a f f |001 0 pol
015 _aPB 2009/14301
020 _a8390166542
040 _aWA N
_cBPK
080 _a330
080 _a(07)
100 1 _aNasiłowski, Mieczysław
_d(1929-2004)
_eAutor
245 1 0 _aSystem rynkowy :
_bpodstawy mikro- i makroekonomii /
_cMieczysław Nasiłowski.
250 _aWyd. 4 zm.
260 _aWarszawa :
_bWydawnictwo Key Text,
_c1998.
300 _a463 s. :
_bil. ;
_c24 cm.
504 _aIndeks.
650 4 _aMikroekonomia
650 4 _aEkonomia
650 4 _aMakroekonomia
655 4 _aPodręcznik
710 2 _aWydawnictwo Key Text
_4pbl.
856 _uhttp://koha.tu.koszalin.pl/cgi-bin/koha/opac-detail.pl?biblionumber=33800
_yKatalog online BPK
856 _uhttp://libra.ibuk.pl/book/168101
_yIBUK
942 _2UKD
_cKS
999 _c33800
_d33800